[Event "Magistralito Najdorf U18"]
[Site "Buenos Aires"]
[Date "2002.10.07"]
[Round "5.13"]
[White "Meza, Anahi Silvina"]
[Black "Martinez, Daniel"]
[Result "1-0"]
[WhiteElo "2040"]
[BlackElo "2193"]
[PlyCount "101"]
[EventDate "2002.10.06"]
[EventType "swiss"]
[EventRounds "7"]
[EventCountry "ARG"]
[SourceTitle "CBM 090 Extra"]
[Source "ChessBase"]
[SourceDate "2002.11.07"]
[SourceVersion "1"]
[SourceVersionDate "2002.11.07"]
[SourceQuality "1"]

1. d4 d5 2. c4 e6 3. Nc3 Nf6 4. cxd5 exd5 5. Bg5 Be7 6. e3 0-0 7. Bd3 h6 8. Bh4 c6 9. Qc2 Be6 10. Nge2 Nbd7 11. 0-0 Ne8 12. Bxe7 Qxe7 13. Ng3 Nd6 14. f3 f5 15. Rae1 Rae8 16. Na4 Qg5 17. Nc5 h5 18. f4 Qf6 19. Nxh5 Qh4 20. Ng3 g6 21. Qf2 Nf6 22. Ne2 Qh6 23. Qg3 Bc8 24. Nc3 Rf7 25. h3 Rfe7 26. b3 b6 27. N5a4 b5 28. Nc5 b4 29. N3a4 Nfe4 30. Bxe4 Nxe4 31. Nxe4 Rxe4 32. Nc5 R4e7 33. Nd3 a5 34. Ne5 Re6 35. Rc1 Bb7 36. Rc5 Ra8 37. Rfc1 Ra6 38. Qf2 Qf8 39. Qh4 Kg7 40. Qg5 Qf6 41. Qxf6+ Kxf6 42. Kf2 Rd6 43. g4 fxg4 44. hxg4 a4 45. bxa4 Rxa4 46. R5c2 Ra6 47. Rh1 Bc8 48. Kf3 Rb6 49. Rh3 Kg7 50. Rch2 Rb7 51. g5 1-0

[Event "Capablanca Memorial Mixto 34th"]
[Site "Havana"]
[Date "1999.05.07"]
[Round "1"]
[White "Frometa Castillo, Zirka"]
[Black "Martinez, Daniel"]
[Result "0-1"]
[WhiteElo "2190"]
[BlackElo "2260"]
[PlyCount "62"]
[EventDate "1999.05.??"]
[EventType "tourn"]
[EventRounds "13"]
[EventCountry "CUB"]
[EventCategory "1"]
[SourceTitle "CBM 070 Extra"]
[Source "ChessBase"]
[SourceDate "1999.07.10"]
[SourceVersion "1"]
[SourceVersionDate "1999.07.10"]
[SourceQuality "1"]

1. d4 Nf6 2. Nf3 g6 3. c4 Bg7 4. Nc3 0-0 5. e4 d6 6. Be2 e5 7. dxe5 dxe5 8. Qxd8 Rxd8 9. Bg5 Na6 10. Nd5 Nxd5 11. Bxd8 Nf4 12. Bf1 Bg4 13. Bg5 Nb4 14. 0-0-0 Nxa2+ 15. Kb1 Nb4 16. Rd2 Ne6 17. h4 Bxf3 18. gxf3 Nc6 19. Rd7 Ncd4 20. Bh3 Nxg5 21. hxg5 Nxf3 22. Rxc7 b6 23. Bc8 a5 24. Bb7 Ra7 25. Kc2 Bf8 26. Rd1 Nxg5 27. Rd8 Ne6 28. Rxf8+ Nxf8 29. Kd2 Kg7 30. Ke3 Ne6 31. Rd7 Nc5 0-1

[Event "Caceres schev"]
[Site "Caceres"]
[Date "1995.??.??"]
[Round "?"]
[White "Cabezas Ayala, Ivan"]
[Black "Martinez, Daniel"]
[Result "1/2-1/2"]
[WhiteElo "2275"]
[BlackElo "2260"]
[PlyCount "47"]
[EventDate "1995.??.??"]
[EventType "schev"]
[EventRounds "10"]
[EventCountry "ESP"]
[SourceTitle "EXT 1998"]
[Source "ChessBase"]
[SourceDate "1997.11.17"]
[SourceVersion "1"]
[SourceVersionDate "1997.11.17"]
[SourceQuality "1"]

1. d4 Nf6 2. Nf3 g6 3. c4 Bg7 4. Nc3 0-0 5. e4 d6 6. Be2 e5 7. dxe5 dxe5 8. Qxd8 Rxd8 9. Bg5 Na6 10. Nd5 Nxd5 11. cxd5 f6 12. Be3 b6 13. Rc1 Bb7 14. 0-0 Rac8 15. Rc3 Nb8 16. Rfc1 c6 17. dxc6 Rxc6 18. Rxc6 Nxc6 19. Kf1 Nd4 20. Rd1 Bxe4 21. Nxd4 exd4 22. Rxd4 Rxd4 23. Bxd4 Bd5 24. a3 1/2-1/2

[Event "Caceres schev"]
[Site "Caceres"]
[Date "1995.??.??"]
[Round "?"]
[White "Martinez, Daniel"]
[Black "Vassallo Barroche, Mauricio"]
[Result "1/2-1/2"]
[WhiteElo "2260"]
[BlackElo "2390"]
[PlyCount "71"]
[EventDate "1995.??.??"]
[EventType "schev"]
[EventRounds "10"]
[EventCountry "ESP"]
[SourceTitle "EXT 1998"]
[Source "ChessBase"]
[SourceDate "1997.11.17"]
[SourceVersion "1"]
[SourceVersionDate "1997.11.17"]
[SourceQuality "1"]

1. d4 Nf6 2. c4 g6 3. Nc3 Bg7 4. e4 0-0 5. Be3 d6 6. f3 a6 7. Bd3 c5 8. d5 e6 9. a4 exd5 10. cxd5 Nbd7 11. Nh3 Ne5 12. Nf2 Bd7 13. Be2 Re8 14. 0-0 b5 15. axb5 axb5 16. Nxb5 Qb6 17. Rxa8 Rxa8 18. Nxd6 Qxd6 19. f4 Ne8 20. Qc1 Rc8 21. fxe5 Bxe5 22. Ng4 Bxg4 23. Bxg4 Bxh2+ 24. Kh1 Rc7 25. Bf4 Bxf4 26. Qxf4 Qxf4 27. Rxf4 f6 28. e5 fxe5 29. Re4 Nf6 30. Be6+ Kf8 31. Rxe5 Ke7 32. Bh3+ Kd8 33. Re6 Ne8 34. Rb6 Ke7 35. Re6+ Kd8 36. Rb6 1/2-1/2

[Event "Alcobendas op"]
[Site "Alcobendas"]
[Date "1994.??.??"]
[Round "1"]
[White "Martinez, Daniel"]
[Black "Becerra Rivero, Julio"]
[Result "0-1"]
[WhiteElo "2260"]
[BlackElo "2500"]
[PlyCount "132"]
[EventDate "1994.11.??"]
[EventType "swiss"]
[EventRounds "9"]
[EventCountry "ESP"]
[SourceTitle "EXT 2000"]
[Source "ChessBase"]
[SourceDate "1999.11.16"]
[SourceVersion "1"]
[SourceVersionDate "1999.11.16"]
[SourceQuality "1"]

1. d4 Nf6 2. c4 g6 3. Nc3 Bg7 4. e4 0-0 5. Be3 d6 6. f3 c6 7. Qd2 a6 8. a4 a5 9. Bd3 Na6 10. Nge2 e5 11. d5 Nd7 12. 0-0 Ndc5 13. Bc2 cxd5 14. Nxd5 Be6 15. Nec3 Rc8 16. Rfd1 Nb4 17. Nxb4 axb4 18. Nd5 b3 19. Bd3 Ra8 20. Qb4 Qa5 21. Bxc5 dxc5 22. Qxa5 Rxa5 23. Ra3 Rb8 24. Rda1 Bd7 25. Nc3 Bh6 26. Kf2 Bd2 27. Rxb3 Bxc3 28. Rxc3 Rxa4 29. Rxa4 Bxa4 30. Ra3 Bc6 31. Ra5 b6 32. Ra7 Bb7 33. Ke3 Kf8 34. Kd2 Ke7 35. Ke3 Kd6 36. Kd2 Kc7 37. Kc3 Rd8 38. Ra1 Kb8 39. Kd2 f5 40. Ke3 f4+ 41. Kd2 Bc8 42. Kc3 g5 43. Be2 h5 44. Rd1 Rd4 45. Rxd4 exd4+ 46. Kd3 Kc7 47. Bd1 Bd7 48. h3 b5 49. b3 Kb6 50. b4 bxc4+ 51. Kxc4 Bb5+ 52. Kd5 cxb4 53. Kxd4 Bf1 54. Ke5 Bxg2 55. Kf5 Bxf3 56. Bxf3 b3 57. Kxg5 b2 58. Kxf4 b1Q 59. Bxh5 Kc5 60. Bg4 Kd4 61. Bf5 Qc1+ 62. Kg4 Ke5 63. Kh5 Qg1 64. h4 Qg7 65. Bg6 Kf4 66. Bf5 Qh8+ 0-1